| 000 | 00617cam a2200217 i 4500 | ||
|---|---|---|---|
| 001 | 2214901 | ||
| 005 | 20180301085307.0 | ||
| 008 | 750117s1975 nyua b 001 0 eng | ||
| 010 | _a 75001411 | ||
| 020 | _a0471025372 | ||
| 040 |
_aDLC _cDLC _dDLC |
||
| 041 | _aeng | ||
| 080 | _a910.7 AME | ||
| 082 | 0 | 0 | _a910.7 AME |
| 100 | 1 | _a43 | |
| 101 | _aGEO | ||
| 245 | 1 | 3 |
_aAn introduction to scientific reasoning in geography / _cDouglas Amedeo and Reginald G. Golledge. |
| 504 | _aIncludes bibliographical references and indexes. | ||
| 906 |
_a7 _bcbc _corignew _d1 _eocip _f19 _gy-gencatlg |
||
| 942 |
_2ddc _cBK |
||
| 999 |
_c43878 _d43878 |
||